000 00421nam a2200145Ia 4500
008 240729s9999 xx 000 0 und d
022 _a2523-692X
245 0 _aInternational Journal of Human and Health Sciences
260 _aBangladesh
260 _bConsortium of Islamic Medical Colleges
650 _aMedicine
856 _uhttps://doaj.org/toc/ca2e09bb78114d1bb34eb411637d2e9b
942 _2ddc
942 _cDOAJEJ
999 _c71107
_d71107
945 _a1
_bMadushi Gamage
_c1
_dMadushi Gamage